Elementos básicos para el estudio, la lectura y la investigación /
Gespeichert in:
| 1. Verfasser: | |
|---|---|
| Format: | Buch |
| Sprache: | Spanish |
| Veröffentlicht: |
San José, Costa Rica :
CECC,
2002
|
| Schriftenreihe: | Colección Pedagógica Formación Inicial de Docentes Centroamericanos de Educación Primaria o Básica,
12 |
| Schlagworte: | |
| Tags: |
Tag hinzufügen
Keine Tags, Fügen Sie den ersten Tag hinzu!
|
MARC
| LEADER | 00000nam a2200000Ia 4500 | ||
|---|---|---|---|
| 008 | 170621b2002 cr ||||| |||| 00| | spa d | ||
| 999 | |c 751 |d 751 | ||
| 020 | |a 9968100196 | ||
| 090 | |a 06.03.06 |b 423 | ||
| 100 | 1 | |a Solano Alpízar, José |9 239 | |
| 245 | 1 | 0 | |a Elementos básicos para el estudio, la lectura y la investigación / |c José Solano Alpízar |
| 260 | |a San José, Costa Rica : |b CECC, |c 2002 | ||
| 300 | |a 122 páginas | ||
| 490 | |a Colección Pedagógica Formación Inicial de Docentes Centroamericanos de Educación Primaria o Básica, |v 12 | ||
| 650 | 1 | 4 | |a EDUCACIÓN PRIMARIA |9 367 |
| 650 | 1 | 4 | |a LECTURA |9 365 |
| 650 | 1 | 4 | |a INVESTIGACIÓN |9 163 |
| 650 | 1 | 4 | |a ENSEÑANZA |9 14 |
| 651 | 4 | |a AMÉRICA CENTRAL |9 457 | |
| 942 | |i 00698 |h 06.03.06 423 |2 z |c 01 | ||



